00665nam a2200217Ia 4500008004100000050001800041050001500059100003000074245009600104245003000200260003100230260001000261260001000271300001500281300002000296300001100316500005600327650002400383650002100407999001900428150520s9999 xx 000 0 und d aHF 5549.5.M63 b.C737 2015 aCompendio, Jon Michael A. aFactors affecting work motivation of the regular employees of gardenia bakeries in Laguna / cjon Michael A. Compendio. aLas Piñas, Philippines : bSISC, c2015. a41 pages : billustrations ; c28 cm. aIncludes bibliographical references and appendices. aEmployee motivation aWork performance c284115d284115